Francisco Bores (Record no. 13133)

MARC details
000 -LEADER
campo de control de longitud fija 01063nam a22002651i 4500
001 - NÚMERO DE CONTROL
campo de control 13133
003 - IDENTIFICADOR DE NÚMERO DE CONTROL
campo de control ES-MaACL
005 - FECHA Y HORA DE LA ÚLTIMA TRANSACCIÓN
campo de control 20230906150514.0
007 - CAMPO FIJO DE DESCRIPCIÓN FÍSICA--INFORMACIÓN GENERAL
campo de control de longitud fija t|
008 - DATOS DE LONGITUD FIJA--INFORMACIÓN GENERAL
campo de control de longitud fija 900725s1976 sp r ||||0| spa j
016 7# - NÚMERO DE CONTROL DE UNA AGENCIA BIBLIOGRÁFICA NACIONAL
Número de control cancelado/no válido IND9100094672
040 ## - FUENTE DE CATALOGACIÓN
Centro catalogador/agencia de origen M-BN
Lengua de catalogación spa
Centro/agencia transcriptor A2
080 ## - NÚMERO DE LA CLASIFICACIÓN DECIMAL UNIVERSAL
Número de la Clasificación Decimal Universal 75 Bores, Francisco.061.43(464.1 M.)"1976"
080 ## - NÚMERO DE LA CLASIFICACIÓN DECIMAL UNIVERSAL
Número de la Clasificación Decimal Universal 061.43(464.1 M.)"1976":75 Bores, Francisco
100 1# - ENTRADA PRINCIPAL--NOMBRE DE PERSONA
Nombre de persona Bores, Francisco (
Fechas asociadas al nombre 1898-1972)
9 (RLIN) 30440
245 10 - MENCIÓN DEL TÍTULO
Título Francisco Bores
Resto del título : 1898-1972.- exposición antológica: salas de exposiciones de la Dirección General del Patrimonio Artistico y Cultural.
260 ## - PUBLICACIÓN, DISTRIBUCIÓN, ETC.
Lugar de publicación, distribución, etc. [Madrid] :
Nombre del editor, distribuidor, etc. Comisaria Nacional de Museos de Extensión Cultural, Patronato Nacional de Museos],
Fecha de publicación, distribución, etc. D.L. 1976.
300 ## - DESCRIPCIÓN FÍSICA
Extensión 101 p., 1 h :
Otras características físicas il. neg. y col ;
Dimensiones 25 cm.
600 14 - PUNTO DE ACCESO ADICIONAL DE MATERIA--NOMBRE DE PERSONA
Nombre de persona Bores, Francisco (
Fechas asociadas al nombre 1898-1972)-
Subdivisión de forma Exposiciones.
9 (RLIN) 30441
655 #7 - TERMINO DE INDIZACIÓN--GENERO/FORMA
Fuente del término tgfbne
9 (RLIN) 193628
Datos o término principal de género/forma Catálogos de exposiciones
710 2# - ENTRADA AGREGADA--NOMBRE DE ENTIDAD CORPORATIVA
Nombre de entidad corporativa o nombre de jurisdicción como elemento de entrada Patronato Nacional de Museos (España)
9 (RLIN) 6192
852 ## - LOCALIZACIÓN
Ubicación ES-MaACL
Número de control de estantería L-20475
Sublocalización o colección R.123346
942 ## - ELEMENTOS DE ENTRADA SECUNDARIOS (KOHA)
Fuente del sistema de clasificación o colocación Clasificación decimal universal
Holdings
Estatus retirado Estado de pérdida Estado de daño No para préstamo Biblioteca de origen Biblioteca actual Ubicación en estantería Fecha de adquisición Fuente de adquisición Total de préstamos Signatura topográfica completa Código de barras Visto por última vez Precio de reemplazo Tipo de ítem Koha
        Biblioteca del Ateneo de Madrid Biblioteca del Ateneo de Madrid Depósito 2 17/01/2008     L-20475 1013373 23/02/2023 23/02/2023 Libro impreso